<?xml version="1.0" encoding="UTF-8"?><?xml-stylesheet type="text/xsl" href="static/style.xsl"?><OAI-PMH xmlns="http://www.openarchives.org/OAI/2.0/" xmlns:xsi="http://www.w3.org/2001/XMLSchema-instance" xsi:schemaLocation="http://www.openarchives.org/OAI/2.0/ http://www.openarchives.org/OAI/2.0/OAI-PMH.xsd"><responseDate>2026-04-27T20:23:43Z</responseDate><request verb="GetRecord" identifier="oai:uvadoc.uva.es:10324/7910" metadataPrefix="marc">https://uvadoc.uva.es/oai/request</request><GetRecord><record><header><identifier>oai:uvadoc.uva.es:10324/7910</identifier><datestamp>2025-02-13T10:50:47Z</datestamp><setSpec>com_10324_38</setSpec><setSpec>col_10324_852</setSpec></header><metadata><record xmlns="http://www.loc.gov/MARC21/slim" xmlns:doc="http://www.lyncode.com/xoai" xmlns:xsi="http://www.w3.org/2001/XMLSchema-instance" xmlns:dcterms="http://purl.org/dc/terms/" xsi:schemaLocation="http://www.loc.gov/MARC21/slim http://www.loc.gov/standards/marcxml/schema/MARC21slim.xsd">
<leader>00925njm 22002777a 4500</leader>
<datafield tag="042" ind1=" " ind2=" ">
<subfield code="a">dc</subfield>
</datafield>
<datafield tag="720" ind1=" " ind2=" ">
<subfield code="a">Ruiz Andrés, Sandra</subfield>
<subfield code="e">author</subfield>
</datafield>
<datafield tag="260" ind1=" " ind2=" ">
<subfield code="c">2014</subfield>
</datafield>
<datafield tag="520" ind1=" " ind2=" ">
<subfield code="a">Hoy en día la sociedad está cambiando en muchos aspectos, y uno de ellos es en el aspecto tecnológico. Esto también se está notando en los centros educativos, los cuales cada vez tienen a su disposición un mayor número de herramientas electrónicas facilitando así la labor del docente y ayudando a los alumnos a realizar un estudio más completo en las distintas áreas de educación.&#xd;
Una de las herramientas que los profesores tienen a su alcance son los edublog, estos son blogs educativos que contribuyen en el proceso de enseñanza – aprendizaje. El objetivo principal de este trabajo será analizar una serie de blogs educativos destinados a profesores con distintas necesidades. Esto se realizará a través de una metodología cualitativa, ya que el objetivo es obtener conclusiones generales, no de un caso en concreto. Para llevar a cabo esta metodología se utilizará un cuestionario el cual se realizará a todos los blogs para más adelante obtener las conclusiones oportunas.&#xd;
Tras realizar este análisis se ha podido observar que no todos los blogs tienen la misma calidad ni todos ellos se encuentran con facilidad.</subfield>
</datafield>
<datafield tag="024" ind2=" " ind1="8">
<subfield code="a">http://uvadoc.uva.es/handle/10324/7910</subfield>
</datafield>
<datafield ind1=" " ind2=" " tag="653">
<subfield code="a">Formación Profesorado</subfield>
</datafield>
<datafield ind1=" " ind2=" " tag="653">
<subfield code="a">Educación primaria</subfield>
</datafield>
<datafield tag="245" ind1="0" ind2="0">
<subfield code="a">Análisis de blogs educativos para profesores</subfield>
</datafield>
</record></metadata></record></GetRecord></OAI-PMH>